000 00656nam a2200205 i 4500
001 bgj
100 1 _aBALZAC, Honore
_c(de ;
_d1799-1850)
245 1 0 _aGobseck /
_cHonore de Balzac ; aus dem Franzözischen übertragen von Alice und Hans Seiffert.
260 _aLeipzig :
_bReclam,
_c1952.
300 _a87, [1] S. ;
_c16 cm.
490 1 _aReclams-Universal Bibliothek ;
_vNr. 7685
650 9 _aFranzözische Literatur
700 1 _aSEIFFERT, Alice.
_eÜbertr.
700 1 _aSEIFFERT, Hans.
_eÜbertr.
830 _aReclams-Universal Bibliothek ;
040 _cBPK
041 0 _ager
_hfre
942 _cKS
008 s gw f |000 0 ger
999 _c49523
_d49523
856 _uhttp://koha.tu.koszalin.pl/cgi-bin/koha/opac-detail.pl?biblionumber=49523
_yKatalog online BPK